| 000 | 00554nam a2200229Ia 4500 | ||
|---|---|---|---|
| 005 | 20250425160650.0 | ||
| 008 | 250425s9999 xx 000 0 und d | ||
| 041 | _aspa | ||
| 082 | _a512.13 | ||
| 100 | _aDENNIS G. ZILL, JACQUELINE M. DEWAR | ||
| 245 | 0 | _aALGEBRA Y TRIGONOMETRIA | |
| 250 | _a2A ED. | ||
| 260 | _aBOGOTA | ||
| 260 |
_aColombia _bMCGRAW-HILL _c1999 |
||
| 300 | _a657 | ||
| 650 | _aALGEBRA | ||
| 650 | _aFUNCIONES | ||
| 650 | _aTRIGONOMETRIA | ||
| 700 |
_aGLORIA RAMIREZ MARIÑO _etraductor |
||
| 942 | _c01 | ||
| 010 | _a1789 | ||
| 999 |
_c193703 _d193703 |
||